Enigmes du Père Fouras # - Total - Statistiques

Statistiques générales
  • Ce quiz a été pris 89 fois
  • Le résultat moyen est 5 sur 39
Statistiques - réponses
Questions Réponses % Correct
2 Pour les enfants le noir, En est souvent source le soir. Mais qu'elle soit bleue ou belle, Elle peut donner des ailes. Qui est-elle ? La peur
86%
4 Petit four quand on le mange. Convertible quand on le range. On aime bien s'y enfoncer. Et du premier, s'y régaler. Qui est-il ? Le canapé
75%
3 Il peut être rond, carré et bien moulé. Servi au marché il est découpé. Ça ne vaut pas le coup d'en faire un, Surtout pour de tout petits riens. Qui est-il ? Le fromage
61%
5 C'est un accessoire très utile, Qui est petit et attachant. Et s'il ne tient que par un fil, Il se fixe aussi en pressant. Qui est-il ? Le bouton
30%
6 Il fait dans la restauration. On y trouve un conservateur. On apprécie sa collection. Son gardien veille à toute heure. Qui est-il ? Le musée
27%
8 A votre seuil elle est souvent, Son coup fatigue promptement, Son code est assez répandu, Nombreux y sont venus. Qui est-elle ? La barre
25%
1 Il est enfermé dans une cage, Mais il n'est pas sauvage. S'il peut rendre certains phobiques, Les paresseux le trouvent tellement pratique. Qui est-il ? L'ascenseur
22%
12 C'est une grande experte en tours. Elle est parfois d'un grand secours. C'est aussi une acrobatie. A la fortune, on l'associe. Qui est-elle ? La roue
19%
9 Ses ailes qui sont dépouillées, Ne lui servent pas à voler. Bien qu'âgé très souvent Il reste pourtant dans le vent. Qui est-il ? Le moulin
19%
15 Pour unir et pour assembler, Son pas doit être enfoncé. Pour ce faire, il n'y a qu'une recette, Il suffit de lui tourner la tête. Qui est-elle ? La vis
14%
7 Elle peut descendre ou bien s'élever Et au fil des ans elle peut changer. Pour elle, des cordes sont utilisées Et la peur peut nous en priver. Qui est-elle ? La voix
14%
16 C'est un entassement d'objets, Une partie de pièce de monnaie, Elle fournit de l'énergie, L'heure précise, elle qualifie. Qui est-elle ? La pile
13%
11 Il faut bien rentrer dedans, nous répète-t-on souvent. C'est un chef au restaurant. A l'école s'y met l'enfant. Qui est-il ? Le rang
13%
13 Cette pierre tendre et feuilletée, En Bretagne, est très employée. Les écoliers l'ont tous levée. Et parfois, elle est très salée. Qui est-elle ? L'ardoise
11%
17 Petit, il est terme d'affection. Mauvais, il change le goût du vin. Parfois poussé trop loin. Les animaux aiment sa friction. Qui est-il ? Le bouchon
9%
14 C'est un habitant d'une lointaine contrée, Un oiseau qui ne sait pas voler, Sa chair au goût particulier Est pleine de vitamine C. Qui est-il ? Le kiwi
9%
10 Ce véhicule ne se trouve pas à côté du premier, Mais il ne faut pas le rater, car c'est le dernier. C'est aussi une valeur égale à une année, Et des moutons, grâce à lui, sont écartés. Qui est-il ? Le balais
8%
18 Ses marteaux et leurs coups N'enfoncent aucun clou. Doté d'une queue, il n'est pas animal. Sans avancer, on appuie sur ses pédales. Qui est-il ? Le piano
8%
20 Chorégraphie des plus petits,
Souvent effectuée de nuit,
Sur son chemin le garde va,
Sur les portées on l'aperçoit.
Qui est-elle ?
La ronde
5%
23 Pour notre dos, c'est un soulagement, Mais il peut se montrer brûlant. Cette chemise n'est pas un vêtement, Mais contient des documents. Qui est-il ? Le dossier
5%
33 Il peut être chiche sans se montrer, S'il est cassé ce n'est pas par manque de soin. Dans une assiette il est parfois très fin, Sur un tissu c'est un gros grain. Qui est-il ? Le pois
5%
28 Il est souvent compris. Il veut toujours aider. Il est souvent gagnant. Parfois vous le rendez. Qui est-il ? Le service
5%
25 On lui fait constamment la peau. A vos semelles il est collé. Il est souvent rond au bureau. En haut du crâne, il est perché. Qui est-il ? Le cuir
3%
21 Il est toujours au cœur des flammes, Mais c'est loin d'elles qu'on le fonde. Encore nombreuses y sont les femmes, Et les étudiants y abondent. Qui est-il ? Le foyer
3%
26 C'est une apparence qui peut tromper. Les femmes aiment s'en appliquer. Parfois recouvrant les souliers. Les oeuvres il sert à protéger. Qui est-il ? Le vernis
3%
22 Celle une cellule, N’est pas celle blindée C’est une opération, Qui aide à mieux régner Qui est-elle ? La division
2%
37 C’est un gouffre au fond l’océan. Les plongeurs y font leurs entrainements. Un orchestre peut très bien s’y trouver. Et certains animaux y sont en captivité. Qui est-elle ? La fosse
2%
32 C'est une excroissance ligneuse, Qui donne au poids sa rareté. Elle peut être une pierre précieuse, Ou bien permet d'y voir plus près. Qui est-elle ? La loupe
2%
29 D’une aile c’est l’extrémité. En cuisine, Il est battant. Son coup nous remet sur pied Qui est-il ? Le fouet
2%
35 Très couru dès qu’il fait chaud. L’alpiniste l’affronte et en vise le haut. C’est une réserve naturelle, Mais qui ne restera pas éternelle. Qui est-il ? Le glacier
2%
31 C'est un luminaire, Il peut être oculaire. Pour représenter la Terre, Sa forme est une sphère. Qui est-il ? Le globe
2%
19 Un aigle il représentait Pour les romains qui se battaient. Cet emblème symbolique, Signale aujourd'hui une boutique. Qui est-elle ? L'enseigne
2%
24 Il est parfois critique. Il peut être invoqué. Fort utile à l'équipe. Son trait peut amuser. Qui est-il ? L'esprit
2%
30 Elle enveloppe corps et bras, c'est une feuille de tabac. C'est une allure de voilier, Longtemps elle fut liée à l'épée. Qui est-elle ? La cape
0%
39 Parfois mauvaise et redoutée, Elle peut faire des blessés. Qu'elle soit d'eau ou de reins. Elle est aussi mot de la fin. Qui est-elle ? La chute
0%
34 C’est un fameux tailleur de pièces. Bravoure ou foi peut témoigner. On le redoute à son passage, Et il surprend s’il est manqué. Qui est-il ? L'acte
0%
36 On le fait souvent à regret. Certaines personnes en font leur métier. A deux, le sien on peut le monter, Pour mieux le mettre en scène après. Qui est-il ? Le ménage
0%
38 C'est un oiseau qui nage et n'est pas frileux. Mais aussi un poisson plutôt onéreux. Cruel ou héroïque, il a pu se montrer Dans la Rome antique, en maître, il a régné. Qui est-il ? L'empereur
0%
27 Il peut vivre dans les mers, Ou avoir une jument pour mère, Dans les compétitions automobiles, Cette voiture est parfois utile. Qui est-il ? Le mulet
0%
Aucun quiz correspondant
Distribution des résultats
% des personnes avec chaque résultat
Percentile par nombre de réponses
Votre historique - résultats
Vous n’avez pas pris ce quiz